Statistics for Books by Setting, One per State

Click here to take the quiz!

General Stats

  • This quiz has been taken 909 times
  • The average score is 16 of 51

Answer Stats

Book Setting % Correct
HawaiiHawaii
94%
The Wonderful Wizard of OzKansas
89%
The Hotel New HampshireNew Hampshire
89%
Fear and Loathing in Las VegasNevada
88%
The Great GatsbyNew York
80%
Gone With the WindGeorgia
79%
To Kill a MockingbirdAlabama
75%
The Adventures of Tom SawyerMissouri
73%
TwilightWashington
69%
Into the WildAlaska
54%
The ShiningColorado
50%
No Country for Old MenTexas
46%
East of EdenCalifornia
41%
The JungleIllinois
41%
The Laramie ProjectWyoming
40%
CarrieMaine
39%
WaldenMassachussets
39%
Interview with the VampireLouisiana
37%
A River Runs Through ItMontana
32%
Uncle Tom's CabinKentucky
30%
Little House in the Big WoodsWisconsin
29%
The 19th WifeUtah
28%
One Flew Over the Cuckoo's NestOregon
25%
The Sound and the FuryMississippi
23%
The Bean TreesArizona
18%
My AntoniaNebraska
18%
The ClientTennessee
17%
Revolutionary RoadConnecticut
17%
The Secret Life of BeesSouth Carolina
15%
A Thousand AcresIowa
13%
To Have and Have NotFlorida
12%
The Lost SymbolWashington, DC
12%
A Walk to RememberNorth Carolina
12%
ShilohWest Virginia
11%
Bridge to TerabithiaVirginia
11%
The Virgin SuicidesMichigan
10%
The Broom of the SystemOhio
9%
The Lovely BonesPennsylvania
9%
A Painted HouseArkansas
9%
Main StreetMinnesota
8%
PollyannaVermont
8%
The Magnificent AmbersonsIndiana
8%
DrownNew Jersey
7%
HousekeepingIdaho
7%
The Round HouseNorth Dakota
7%
Dinner at the Homesick RestaurantMaryland
6%
The Saint of Lost ThingsDelaware
6%
Red Sky at MorningNew Mexico
6%
My Sister's KeeperRhode Island
6%
ParadiseOklahoma
4%
A Long Way From HomeSouth Dakota
4%

Score Distribution

Percentile by Number Answered

Percent of People with Each Score

Your Score History

You have not taken this quiz